000 00355nam a2200145Ia 4500
003 OSt
008 191201s2013 xx 000 0 und d
100 _aKERZNER, Harold
245 0 _aProject Management: A Systems Approach
250 _aRep
260 _aN. Delhi
_bWiley Dreautech India
_c2013
300 _a1094
650 _aB.Tech(CE)
942 _2ddc
_cBK
999 _c5811
_d5811